Départements de Nouvelle-Aquitaine - Statistiques

Statistiques générales
  • Ce quiz a été pris 68 fois
  • Le résultat moyen est 10 sur 12
Statistiques - réponses
Numéro Départements % Correct
33 Gironde
89%
16 Charente
87%
24 Dordogne
84%
64 Pyrénées-Atlantiques
84%
17 Charente-Maritime
82%
23 Creuse
82%
40 Landes
82%
86 Vienne
79%
47 Lot
76%
19 Corrèze
74%
87 Haute-Vienne
74%
79 Deux-Sèvres
68%
Aucun quiz correspondant
Distribution des résultats
% des personnes avec chaque résultat
Percentile par nombre de réponses
Votre historique - résultats
Vous n’avez pas pris ce quiz